000 00539nam a22001937a 4500
003 KOHA_MİRAKIL
005 20251112120012.0
008 251112b tu ||||| |||| 00| 0 tur d
020 _a9786051961101
040 _aTR-AnABB
_btur
_cTR-AnABB
041 _atur
082 _a340.53393
_bKAR 2018
100 1 _aKarauğuz, Güngör,
245 1 0 _aHitit Yasaları /
_cGüngör Karauğuz
260 _aİstanbul :
_bÇizgi Kitabevi,
_c2018
300 _a111 sayfa ;
_c21 cm
650 0 4 _aTürk edebiyatı, roman
942 _2ddc
_cBK
999 _c9357
_d9357
900 _bGizem YORULMAZ